000 00864nam a22002417a 4500
005 20110825121443.0
008 110825t xxu||||| |||| 00| 0 eng d
010 _aENG-103601
020 _c250.00
_a9788185578972
035 _aEN-87134
037 _bDBAD/PUB
040 _aDPL
_bEng
100 _931629
_aKothari, Manu
245 _aLiving Dying:
_cby Manu Kothari and Lopa Mehta
_ba new perspective on the phenomena of life,disease and death /
250 _a3rd ed
260 _aMumbai
_bBhalani Publishing House
_c2010
270 _bMumbai
_a11 Mavawala Building, Opp. K.E.M. Hospital, parel
_e400012
_mbhalani@vsnl.com
300 _a138p.
_c22cm (pbk)
650 _931639
700 _931640
_aMehta, Lopa
942 _2ddc
_cEN
_mKOT
999 _c55971
_d55971